[Event "Campalto CIS 54th Serie C12"]
[Site "Campalto"]
[Date "2023.05.21"]
[Round "5.4"]
[White "Ruzza, Nicolo`"]
[Black "Loris, Stefano"]
[Result "1-0"]
[WhiteElo "1294"]
[BlackElo "1630"]
[PlyCount "89"]
[EventDate "2023.05.19"]
[EventType "team-tourn"]
[EventRounds "5"]
[EventCountry "ITA"]
[SourceTitle "EXT 2024"]
[Source "ChessBase"]
[SourceDate "2023.10.10"]
[SourceVersion "1"]
[SourceVersionDate "2023.10.10"]
[SourceQuality "1"]
[WhiteTeam "Mestre Capa Boys"]
[BlackTeam "Campalto Zichichi"]
[WhiteTeamCountry "ITA"]
[BlackTeamCountry "ITA"]

1. e4 c6 2. d4 d5 3. Nc3 dxe4 4. Nxe4 Bf5 5. Ng3 Bg6 6. Be3 e6 7. Nf3 Nd7 8. a3 h6 9. Bd3 Bxd3 10. Qxd3 Ngf6 11. 0-0 Be7 12. Rad1 0-0 13. c4 Rc8 14. h3 a6 15. Ne4 Re8 16. b4 Bf8 17. Rd2 Nxe4 18. Qxe4 Nf6 19. Qc2 a5 20. c5 axb4 21. axb4 Nd5 22. Qb3 b5 23. Ne5 Qc7 24. Ra2 Ra8 25. Rfa1 Qb7 26. Bd2 Rxa2 27. Qxa2 f6 28. Nf3 Qc7 29. Qa7 e5 30. Qxc7 Nxc7 31. dxe5 fxe5 32. Re1 e4 33. Nd4 Nd5 34. Nxc6 Re6 35. Nd4 Ra6 36. Rxe4 Ra2 37. Be1 Ra1 38. Kh2 Rb1 39. Ne6 Be7 40. Bd2 Bf6 41. Nf4 Nc3 42. Bxc3 Bxc3 43. c6 Bxb4 44. c7 Bd6 45. c8Q+ 1-0

[Event "Treviso Lega op-B 2nd"]
[Site "Treviso"]
[Date "2018.03.04"]
[Round "4"]
[White "Biasiolo, Michele"]
[Black "Loris, Stefano"]
[Result "1-0"]
[WhiteElo "1503"]
[BlackElo "1668"]
[PlyCount "49"]
[EventDate "2018.03.02"]
[EventType "swiss"]
[EventRounds "5"]
[EventCountry "ITA"]
[SourceTitle "EXT 2022"]
[Source "ChessBase"]
[SourceDate "2021.10.06"]
[SourceVersion "1"]
[SourceVersionDate "2021.10.06"]
[SourceQuality "1"]

1. e4 c6 2. d4 d5 3. Nc3 dxe4 4. Nxe4 Bf5 5. Ng3 Bg6 6. Nf3 Nd7 7. Be2 Ngf6 8. 0-0 e6 9. c4 Rc8 10. a4 Bd6 11. c5 Bxg3 12. fxg3 Nd5 13. Bd2 a5 14. Qe1 Ra8 15. Bc4 N7f6 16. Ne5 0-0 17. Bg5 Qc7 18. Nxg6 hxg6 19. Rf3 Nb4 20. Rxf6 gxf6 21. Bxf6 Nd5 22. Bxd5 exd5 23. Qd2 Kh7 24. Qg5 Rh8 25. Qh4+ 1-0

[Event "Mestre Cipressina op-B 4th"]
[Site "Mestre"]
[Date "2015.11.28"]
[Round "3"]
[White "Loris, Stefano"]
[Black "Anoe`, Lorenzo"]
[Result "1-0"]
[WhiteElo "1690"]
[BlackElo "1750"]
[PlyCount "99"]
[EventDate "2015.11.27"]
[EventType "swiss"]
[EventRounds "5"]
[EventCountry "ITA"]
[SourceTitle "EXT 2022"]
[Source "ChessBase"]
[SourceDate "2021.10.06"]
[SourceVersion "1"]
[SourceVersionDate "2021.10.06"]
[SourceQuality "1"]

1. d4 Nf6 2. c4 g6 3. Nc3 Bg7 4. Nf3 0-0 5. Bg5 h6 6. Bd2 d6 7. g3 Nbd7 8. Bg2 e5 9. dxe5 dxe5 10. 0-0 c6 11. Qc1 Kh7 12. Rd1 Qe7 13. Be1 Nb6 14. Nd2 Be6 15. b3 Rfd8 16. Rb1 a5 17. a4 Nfd7 18. f3 f5 19. e4 Nc5 20. Qa3 Bf8 21. Bf1 Qg5 22. Qb2 Rd7 23. Be2 Nd3 24. Bxd3 Rxd3 25. Bf2 Nd7 26. Ne2 f4 27. h4 Qf6 28. Nxf4 exf4 29. Qxf6 Nxf6 30. e5 fxg3 31. Bxg3 Bc5+ 32. Kg2 Nh5 33. Ne4 Rxd1 34. Rxd1 Be7 35. c5 Nxg3 36. Kxg3 Rd8 37. Nd6 Bxd6 38. exd6 Kg7 39. Rb1 b6 40. b4 axb4 41. cxb6 c5 42. a5 Bc8 43. Rc1 Rxd6 44. Rxc5 Ba6 45. Rc7+ Kf6 46. Ra7 Bc8 47. b7 Bxb7 48. Rxb7 Ra6 49. Rb6+ Ke5 50. Rxa6 1-0

[Event "Chioggia op-B 10th"]
[Site "Chioggia"]
[Date "2015.10.11"]
[Round "4"]
[White "Loris, Stefano"]
[Black "Luu, Marianna"]
[Result "1-0"]
[WhiteElo "1690"]
[BlackElo "1573"]
[PlyCount "63"]
[EventDate "2015.10.09"]
[EventType "swiss"]
[EventRounds "5"]
[EventCountry "ITA"]
[SourceTitle "EXT 2022"]
[Source "ChessBase"]
[SourceDate "2021.10.06"]
[SourceVersion "1"]
[SourceVersionDate "2021.10.06"]
[SourceQuality "1"]

1. d4 f5 2. c4 Nf6 3. Nc3 d6 4. g3 g6 5. Bg2 Bg7 6. Nf3 0-0 7. 0-0 c6 8. Bg5 Qe8 9. Qc1 Bh8 10. Bh6 Bg7 11. Bxg7 Kxg7 12. Re1 Na6 13. e4 fxe4 14. Nxe4 Nxe4 15. Rxe4 Bf5 16. Rh4 h5 17. Qg5 Rh8 18. Re1 Kf8 19. a3 Nc7 20. Qe3 Rh7 21. Ng5 Rg7 22. Rf4 Kg8 23. Bh3 Bxh3 24. Nxh3 g5 25. Re4 g4 26. Nf4 b5 27. Rxe7 Rxe7 28. Qxe7 Qxe7 29. Rxe7 Rc8 30. b3 Kf8 31. Rxc7 Rxc7 32. Ne6+ 1-0

[Event "Chioggia op-B 10th"]
[Site "Chioggia"]
[Date "2015.10.10"]
[Round "3"]
[White "Belloni, Umberto"]
[Black "Loris, Stefano"]
[Result "1-0"]
[WhiteElo "1798"]
[BlackElo "1690"]
[PlyCount "97"]
[EventDate "2015.10.09"]
[EventType "swiss"]
[EventRounds "5"]
[EventCountry "ITA"]
[SourceTitle "EXT 2022"]
[Source "ChessBase"]
[SourceDate "2021.10.06"]
[SourceVersion "1"]
[SourceVersionDate "2021.10.06"]
[SourceQuality "1"]

1. d4 Nf6 2. c3 d6 3. Bf4 g6 4. f3 Bg7 5. e4 0-0 6. Bc4 Nbd7 7. Ne2 c5 8. dxc5 Nxc5 9. Be3 b6 10. 0-0 Ba6 11. Bxa6 Nxa6 12. Na3 Qd7 13. Qd3 Nc5 14. Bxc5 bxc5 15. b3 Rfd8 16. Qa6 Ne8 17. Rad1 Nc7 18. Qa5 Qc6 19. Nc4 e6 20. Rd3 d5 21. Rfd1 Bf6 22. exd5 exd5 23. Ne3 Re8 24. Ng3 d4 25. Ng4 Bg7 26. cxd4 Bxd4+ 27. Kf1 h5 28. Nf2 Nd5 29. Kg1 Nc3 30. Rxc3 Qe6 31. Rcd3 h4 32. Nge4 f5 33. Nxc5 Bxf2+ 34. Kxf2 Qe2+ 35. Kg1 Rac8 36. h3 Qe5 37. Rd5 Qg3 38. Qd2 Kg7 39. Qf2 Kf6 40. Qxg3 hxg3 41. Kf1 Re3 42. R5d3 Re5 43. b4 Rce8 44. f4 Re2 45. Rxg3 Rxa2 46. Re1 Rd8 47. Nd3 Ra3 48. Rd1 Ra2 49. Rxg6+ 1-0

[Event "Chioggia op-B 07th"]
[Site "Chioggia"]
[Date "2012.10.13"]
[Round "2"]
[White "Marchetti, Daniele"]
[Black "Loris, Stefano"]
[Result "0-1"]
[WhiteElo "1712"]
[BlackElo "1668"]
[PlyCount "60"]
[EventDate "2012.10.12"]
[EventType "swiss"]
[EventRounds "5"]
[EventCountry "ITA"]
[SourceTitle "EXT 2022"]
[Source "ChessBase"]
[SourceDate "2021.10.06"]
[SourceVersion "1"]
[SourceVersionDate "2021.10.06"]
[SourceQuality "1"]

1. d4 Nf6 2. c4 c5 3. d5 b5 4. cxb5 a6 5. bxa6 g6 6. e3 Bxa6 7. Bxa6 Rxa6 8. Nf3 Bg7 9. Nc3 d6 10. 0-0 0-0 11. Qd3 Qc8 12. e4 Nbd7 13. Re1 Ng4 14. Bf4 Nge5 15. Nxe5 Nxe5 16. Qe2 c4 17. Bg5 Qb7 18. Reb1 Rfa8 19. Bc1 Nd3 20. Qc2 Nb4 21. Qe2 Qc8 22. a3 Nd3 23. Bg5 e6 24. Ra2 Rb8 25. Qc2 Rb3 26. Bd2 Bd4 27. Be3 Bxe3 28. fxe3 Qc5 29. Qe2 Qb6 30. h3 Rxc3 0-1

[Event "Venice Province-ch 71st"]
[Site "Venice Mestre"]
[Date "2011.11.16"]
[Round "5"]
[White "Bellon, Antonio"]
[Black "Loris, Stefano"]
[Result "1/2-1/2"]
[WhiteElo "1533"]
[BlackElo "1694"]
[PlyCount "90"]
[EventDate "2011.01.14"]
[EventType "swiss"]
[EventRounds "5"]
[EventCountry "ITA"]
[SourceTitle "EXT 2022"]
[Source "ChessBase"]
[SourceDate "2021.10.06"]
[SourceVersion "1"]
[SourceVersionDate "2021.10.06"]
[SourceQuality "1"]

1. e4 c6 2. d4 d5 3. Nc3 g6 4. e5 e6 5. f4 Nh6 6. Nf3 Be7 7. Be3 Nd7 8. Qd2 Nf5 9. Bf2 Qb6 10. 0-0-0 0-0 11. h4 Ng7 12. g4 a5 13. Bd3 c5 14. h5 c4 15. Be2 Qc6 16. f5 exf5 17. h6 Ne8 18. gxf5 b5 19. Rdg1 b4 20. Nd1 Qa4 21. Kb1 c3 22. Qc1 Qc6 23. b3 Ba6 24. Bxa6 Rxa6 25. f6 Nexf6 26. exf6 Bxf6 27. a4 Rb8 28. Bg3 Rb7 29. Re1 Kf8 30. Qe3 Nb6 31. Be5 Re7 32. Qf4 Nd7 33. Bxf6 Qxf6 34. Qxf6 Rxf6 35. Rxe7 Kxe7 36. Ng5 Nf8 37. Ne3 Rd6 38. Ng4 f6 39. Re1+ Kd7 40. Nf3 g5 41. Kc1 Ng6 42. Kd1 Nf4 43. Rh1 Ke7 44. Re1+ Kf7 45. Ne3 Kg6 1/2-1/2

[Event "Venice Province-ch 69th"]
[Site "Venice Mestre"]
[Date "2009.01.31"]
[Round "3"]
[White "Urbinati, Nicolo"]
[Black "Loris, Stefano"]
[Result "1-0"]
[WhiteElo "1569"]
[BlackElo "1416"]
[PlyCount "47"]
[EventDate "2009.01.30"]
[EventType "swiss"]
[EventRounds "5"]
[EventCountry "ITA"]
[SourceTitle "EXT 2022"]
[Source "ChessBase"]
[SourceDate "2021.10.06"]
[SourceVersion "1"]
[SourceVersionDate "2021.10.06"]
[SourceQuality "1"]

1. e4 d6 2. d4 Nf6 3. Nc3 g6 4. f4 e6 5. Be3 Bg7 6. Be2 0-0 7. Qd2 d5 8. e5 Nfd7 9. 0-0-0 a6 10. h4 Nc6 11. g4 Nb6 12. h5 Re8 13. Nf3 Bf8 14. hxg6 fxg6 15. Bd3 Re7 16. f5 Qe8 17. f6 Nb4 18. fxe7 Nxd3+ 19. Qxd3 Qxe7 20. Bg5 Qb4 21. a3 Qa5 22. Bf6 Nc4 23. Rxh7 Bxa3 24. Qxg6+ 1-0

[Event "Venice Province-ch 69th"]
[Site "Venice Mestre"]
[Date "2009.01.30"]
[Round "1"]
[White "Zangrando, Gianpietro"]
[Black "Loris, Stefano"]
[Result "1-0"]
[WhiteElo "1829"]
[BlackElo "1416"]
[PlyCount "59"]
[EventDate "2009.01.30"]
[EventType "swiss"]
[EventRounds "5"]
[EventCountry "ITA"]
[SourceTitle "EXT 2022"]
[Source "ChessBase"]
[SourceDate "2021.10.06"]
[SourceVersion "1"]
[SourceVersionDate "2021.10.06"]
[SourceQuality "1"]

1. d4 d5 2. Nf3 c5 3. e3 Nf6 4. Bd3 Nc6 5. c3 g6 6. Nbd2 cxd4 7. exd4 Bg7 8. 0-0 0-0 9. Re1 e6 10. Nf1 Bd7 11. Bg5 Qc7 12. Qd2 Rfe8 13. Bh6 Ng4 14. Bxg7 Kxg7 15. a3 e5 16. dxe5 Ngxe5 17. Nxe5 Nxe5 18. Re3 Re6 19. Rd1 Rae8 20. Bc2 Bc6 21. Qd4 Kg8 22. Bb3 Rd8 23. c4 Ree8 24. cxd5 Bb5 25. d6 Qb6 26. Rxe5 Qxd4 27. Rxe8+ Rxe8 28. Rxd4 Kf8 29. Ne3 Rd8 30. Ng4 1-0